logo

Bir Sreshtho Munshi Abdur Rouf Library
Jhenaidah Cadet College

Applied finite mathematics / (Record no. 5793)

MARC details
000 -LEADER
fixed length control field 00760cam a2200277 i 4500
001 - CONTROL NUMBER
JCCL Control Number 5793
003 - CONTROL NUMBER IDENTIFIER
JCCL marc code BD-JhCC
005 - DATE AND TIME OF LATEST TRANSACTION
control field 20171227161339.0
008 - FIXED-LENGTH DATA ELEMENTS--GENERAL INFORMATION
fixed length control field 780426s1978 nyua b 001 0 eng
020 ## - INTERNATIONAL STANDARD BOOK NUMBER
International Standard Book Number 0120595656
035 ## - SYSTEM CONTROL NUMBER
system control number (BD-JhCC)5793
040 ## - CATALOGING SOURCE
Original cataloging agency DLC
Transcribing agency DLC
Modifying agency DLC
-- BD-JhCC
041 ## - LANGUAGE CODE
Language code of Book eng
050 00 - LIBRARY OF CONGRESS CALL NUMBER
Classification number QA39.2
Item number .A56 1978
082 00 - DEWEY DECIMAL CLASSIFICATION NUMBER
Classification number 510
Author mark and Year ANT 1978
100 1# - MAIN ENTRY--PERSONAL NAME
Personal name Anton, Howard.
245 10 - TITLE STATEMENT
Title Applied finite mathematics /
Statement of responsibility, etc Howard Anton, Bernard Kolman.
250 ## - EDITION STATEMENT
Edition statement 2d ed.
260 ## - PUBLICATION, DISTRIBUTION, ETC. (IMPRINT)
Place of publication, distribution, etc New York :
Name of publisher, distributor, etc Academic Press,
Date of publication, distribution, etc c1978.
300 ## - PHYSICAL DESCRIPTION
Pagination xv, 558 p. :
Other physical details ill. ;
Dimensions 24 cm.
504 ## - BIBLIOGRAPHY, ETC. NOTE
Bibliography, etc Includes bibliographies and index.
650 #0 - SUBJECT ADDED ENTRY--TOPICAL TERM
Topical term or geographic name as entry element Mathematics.
700 1# - ADDED ENTRY--PERSONAL NAME
Personal name Kolman, Bernard,
Dates associated with a name 1932-
942 ## - ADDED ENTRY ELEMENTS (KOHA)
Source of classification or shelving scheme Dewey Decimal Classification
Koha item type Books
Holdings
Source of classification or shelving scheme Damaged status Not for loan Home library Current library Shelving location Date of accession Total Checkouts Full call number Barcode Date last seen Copy number Koha item type
Dewey Decimal Classification     JCC Rouf Library JCC Rouf Library General Stacks 12/21/2017   510 ANT 1978 7934 12/21/2017 C - 1 Books

JCC Library | Contacts | JCC Home

Last Update on 23 September 2017
Copyright @ 2017-2020 JCC Rouf Library
Rouf Library, Jhenidah Cadet College (JCC), Bangladesh